Hostos, Bentaces y Luperón : (Registro nro. 8222)

Detalles MARC
000 -LIDER
fixed length control field 00976nam a2200289 a 4500
001 - NÚMERO DE CONTROL
Identificador de número de control 000015046
003 - IDENTIFICACDOR DE NÚMERO DE CONTROL
control field DO-SdBNP
005 - DATE AND TIME OF LATEST TRANSACTION
control field 20240207093250.0
006 - DATOS DE LONGITUD FIJA / CARACTERÍSTICAS ADICIONALES MATERIAL CHARACTERISTICS
fixed length control field
007 - CAMPOS FIJOS DE DESCRIPCIÓN FÍSICA
fixed length control field 000015046
008 - ELEMENTOS DE LONGITUD FIJA
fixed length control field
040 ## - FUENTE DE CATALOGACIÓN
Agencia que crea de manera original el registro BPMSU
Idioma de catalogación spa
Agencia que realiza la transcripción BPMSU
Convenciones de la despripción
082 #4 - NÚMERO DE CLASIFICACIÓN DECIMAL DE DEWEY
Classification number RD865.44
Item number P419H 2003
Edition number 22
100 1# - ASIENTO PRINCIPAL -- NOMBRE PERSONAL
Nombre personal Peña Gómez, José Francisco,
Fechas asociadas con el nombre 1937-1998
Mención de responsabilidad
110 ## - ASIENTO PRINCIPAL--NOMBRE CORPORATIVO
Idioma de una obra
245 10 - MENCIÓN DE TITULO
Título Hostos, Bentaces y Luperón :
Subtítulo vistos por José Francisco Peña Gómez /
Mención de responsabilidad José Francisco Peña Gómez ; edición Juan Báez.
247 ## - TÍTULO ANTERIOR O CAMBIO DE TÍTULO
Título El Antillanismo de Hostos, Betances y Luperón :
Subtítulo discurso
260 ## - PUBLICACIÓN, DISTRIBUCIÓN, ETC. (PIE DE IMPRENTA)
Lugar de publicación, distribución, etc Santo Domingo :
Nombre del editor, distribuidor, etc. Soto Castillo,
Fecha de publicación, distribución, etc 2003.
300 ## - DESCRIPCIÓN FÍSICA
Extensión 23 p. ;
Dimensiones 23 cm.
490 0# - MENCIÓN DE SERIES
Mención de serie Cuadernos de la Trinitaria ;
-- Rescate ; Memoria histórica
590 ## - NOTA LOCAL
Texto de la nota local Inventariado, 2024/VM
600 14 - ENCABEZAMIENTO DE MATERIA--NOMBRE PERSONAL
Nombre personal Hostos, Eugenio María de
Fechas asociadas con el nombre 1839 - 1903
9 (RLIN) 5
600 14 - ENCABEZAMIENTO DE MATERIA--NOMBRE PERSONAL
Nombre personal Betances, Ramón Emeterio
Fechas asociadas con el nombre 1827-1898
700 1# - ASIENTO SECUNDARIO -- NOMBRE PERSONAL
Nombre personal Báez, Juan,
Mención de responsabilidad ed.
910 ## - VALIDACIÓN
Validación VMateo V. Control de calidad. BPMSU
942 ## - ADDED ENTRY ELEMENTS (KOHA)
Source of classification or shelving scheme Dewey Decimal Classification
Koha item type Libros
Existencias
Withdrawn status Lost status Source of classification or shelving scheme Damaged status Not for loan Collection code Home library Current library Date acquired Source of acquisition Total Checkouts Full call number Barcode Date last seen Price effective from Koha item type Copy number
    Dewey Decimal Classification     Colección Dominicana Biblioteca Pública Metropolitana Salomé Ureña Biblioteca Pública Metropolitana Salomé Ureña 08/25/2015   BPMSU CD RD865.44 P419H 2003 BPMSU15080470 08/25/2015 08/25/2015 Libros  
    Dewey Decimal Classification     Colección Dominicana Biblioteca Pública Metropolitana Salomé Ureña Biblioteca Pública Metropolitana Salomé Ureña 08/25/2015 Compra   BPMSU CD RD865.44 P419H 2003 BPMSU15080471 08/25/2015 08/25/2015 Libros e.2
    Dewey Decimal Classification     Colección Dominicana Biblioteca Pública Metropolitana Salomé Ureña Biblioteca Pública Metropolitana Salomé Ureña 08/25/2015 Compra   BPMSU CD RD865.44 P419H 2003 BPMSU15080472 08/25/2015 08/25/2015 Libros e.3